Библиотека Вестника моды. 1890, окт. (Запись № 10127846)
[ простой вид ]
| 000 -МАРКЕР | |
|---|---|
| контрольное поле | 02402nam2a2200361 4500 |
| 001 - ИДЕНТИФИКАТОР ЗАПИСИ | |
| контрольное поле | RU\NLR\DIGIT\110058 |
| 005 - ИДЕНТИФИКАТОР ВЕРСИИ | |
| контрольное поле | 20160824134401.0 |
| 035 ## - ДРУГИЕ СИСТЕМНЫЕ НОМЕРА | |
| Идентификатор записи | (NLR Aleph) 010169620 |
| 100 ## - ДАННЫЕ ОБЩЕЙ ОБРАБОТКИ | |
| Данные общей обработки | 20110829j189010 uu y0rusy50 ca |
| 101 ## - ЯЗЫК РЕСУРСА | |
| Язык текста, звукозаписи и т.д. | русский |
| 102 ## - СТРАНА ПУБЛИКАЦИИ ИЛИ ПРОИЗВОДСТВА | |
| Страна публикации | Российская Федерация |
| 135 ## - ПОЛЕ КОДИРОВАННЫХ ДАННЫХ: ЭЛЕКТРОННЫЕ РЕСУРСЫ | |
| Кодированные данные для электронного ресурса | cogo 008apabr |
| 200 1# - ЗАГЛАВИЕ И СВЕДЕНИЯ ОБ ОТВЕТСТВЕННОСТИ | |
| Основное заглавие | 1890, окт. |
| Первые сведения об ответственности | ред.-изд. Н.П. Аловерт |
| 210 ## - ПУБЛИКАЦИЯ, РАСПРОСТРАНЕНИЕ И ДР. | |
| Дата издания, распространения и т.д. | 1890 |
| 316 ## - ПРИМЕЧАНИЯ ОБ ОСОБЕННОСТЯХ ЭКЗЕМПЛЯРА | |
| Текст примечания | Экз. РНБ на шифре 3/97-1890: янв. - дек. переплетены в общ. владельч. обл. |
| Организация и экземпляр, к которому относится поле | NLR |
| 325 ## - ПРИМЕЧАНИЕ О КОПИИ | |
| Текст примечания | Копия доступна в электронной библиотеке РНБ |
| 327 1# - ПРИМЕЧАНИЯ О СОДЕРЖАНИИ | |
| Текст примечания | Содерж.: Перед кончиной мира: исторический роман Феликса Дана, [окончание]. Комедия ошибок: роман Л. Стивенсона и Л. Осборна, [продолжение] |
| 461 #0 - УРОВЕНЬ НАБОРА | |
| Встроенное поле | 001RU\NLR\INFOCOMM6\1000372308 |
| -- | 2001#$aБиблиотека Вестника моды$eприложение к журналу Вестник Моды$v1890, окт. |
| Системный номер (АБИС) связанной записи | 2449914 |
| Место публикации | С.-Петербург |
| Дата публикации | 1889 - 1890 |
| Имя издателя, распространителя и т.д. | Типография брат. Пантелеевых |
| Сведения, относящиеся к заглавию | приложение к журналу Вестник Моды |
| Заглавие | Библиотека Вестника моды |
| Номер тома | 1890, окт. |
| 464 #0 - АНАЛИТИЧЕСКИЙ УРОВЕНЬ | |
| Встроенное поле | 2001#$aКомедия ошибок$eроман Л. Стивенсона и Л. Осборна, [продолжение] |
| -- | 700#1$aСтивенсон$bЛ. |
| -- | 701#1$aОсборн$bЛ. |
| Заглавие | Комедия ошибок |
| Автор | Стивенсон, Л. |
| 464 #0 - АНАЛИТИЧЕСКИЙ УРОВЕНЬ | |
| Встроенное поле | 2001#$aПеред кончиной мира$eисторический роман Феликса Дана, [окончание] |
| -- | 700#1$aДан$bФ.$gФеликс |
| Заглавие | Перед кончиной мира |
| Автор | Дан, Феликс |
| 702 #1 - ИМЯ ЛИЦА - ВТОРИЧНАЯ ОТВЕТСТВЕННОСТЬ | |
| Начальный элемент ввода | Аловерт |
| Часть имени, кроме начального элемента ввода | Н. П. |
| Даты | 1847-1927 |
| Расширение инициалов личного имени | Николай Павлович |
| Код отношения | Издатель |
| -- | Редактор |
| 801 #2 - ИСТОЧНИК ЗАПИСИ | |
| Страна | Российская Федерация |
| Организация | NLR |
| Дата составления | 20110829 |
| Источник данных | rusmarc |
| 852 ## - МЕСТОНАХОЖДЕНИЕ И ШИФР ХРАНЕНИЯ | |
| Идентификатор организации | NLR |
| Шифр хранения (Call Number) | 3/97 |
| 856 #0 - МЕСТОНАХОЖДЕНИЕ ЭЛЕКТРОННЫХ РЕСУРОВ И ДОСТУП К НИМ | |
| Универсальный идентификатор ресурса (Uniform Resource Identifier) | https://vivaldi.nlr.ru/pm000000328/view#page=744 |
| 856 #1 - МЕСТОНАХОЖДЕНИЕ ЭЛЕКТРОННЫХ РЕСУРОВ И ДОСТУП К НИМ | |
| Универсальный идентификатор ресурса (Uniform Resource Identifier) | http://vivaldi.nlr.ru/pm000000328/cover |
| 856 #2 - МЕСТОНАХОЖДЕНИЕ ЭЛЕКТРОННЫХ РЕСУРОВ И ДОСТУП К НИМ | |
| Универсальный идентификатор ресурса (Uniform Resource Identifier) | http://vivaldi.nlr.ru/pm000000328/text |
| 942 ## - ДОПОЛНИТЕЛЬНЫЕ ЭЛЕМЕНТЫ ЗАПИСИ (АБИС) | |
| Тип экземпляра АБИС | Выпуск |
| 980 ## - КОЛЛЕКЦИЯ | |
| Название коллекции | Национальная библиография |
| 981 27 - КОЛЛЕКЦИЯ ЭЛЕКТРОННОЙ БИБЛИОТЕКИ | |
| Название коллекции | Периодические издания |
| Название подколлекции | Журналы мод |
| 981 27 - КОЛЛЕКЦИЯ ЭЛЕКТРОННОЙ БИБЛИОТЕКИ | |
| Название коллекции | Периодические издания |
| Название подколлекции | Журналы |
Нет доступных экземпляров.